Statistics for Countries Trail

Click here to take the quiz!

General Stats

  • This quiz has been taken 21 times
  • The average score is 13 of 30

Answer Stats

NumberHintAnswer% Correct
1First country alphabeticallyAfghanistan
94%
2Blamed for starting both World WarsGermany
94%
7Smallest island nationNauru
82%
5Claimed by 3 but recognized as a country by someTaiwan
76%
31's panhandle connects it to this countryChina
65%
101's only neighbor that starts with IIran
65%
20Over 4,000 miles in length but less than 100 miles wideChile
59%
9Annexed by 2 in 1938Austria
53%
18Shares Mount Everest with 3Nepal
53%
19Borders 2 and has the same colors on its flagBelgium
47%
610th in the world in terms of populationMexico
47%
14Belgrade is its capitalSerbia
47%
116 gained independence from this country in 1810Spain
47%
23Along with 20, a South-American country with no border with BrazilEcuador
41%
13Country closest to 7Kiribati
41%
8Heading south from 5's capital, the first country you would reachPhilippines
41%
17Fought a war with 10 in 1980Iraq
35%
16Gained independence from 14 in 2008Kosovo
35%
25Microstate that borders 9Liechtenstein
29%
15African country that shares a short border with 11Morocco
29%
22Enemies with 15 due to a mostly unrecognized countryAlgeria
24%
4One-word country whose name has highest Scrabble valueMozambique
24%
124's largest neighborSouth Africa
24%
26Ranks 1 spot behind 8 in terms of populationEgypt
18%
2822's only neighbor starting with LLibya
18%
24Shares Strait of Hormuz's choke point with 10Oman
18%
2724's only neighbor currently fighting an internal warYemen
18%
29Comes after 27 in alphabetical orderZambia
18%
30Starts with the same letter as 29; last country alphabeticallyZimbabwe
18%
21Country that gained independence from 12 in 1990Namibia
12%

Score Distribution

Percentile by Number Answered

Percent of People with Each Score

Your Score History

You have not taken this quiz